[Event "Dortmund Sparkassen op-B 44th"]
[Site "Dortmund"]
[Date "2016.07.09"]
[Round "1"]
[White "Scholtyschik, Kevin"]
[Black "Hollstein, Ralf"]
[Result "1/2-1/2"]
[WhiteElo "1537"]
[BlackElo "1778"]
[PlyCount "59"]
[EventDate "2016.07.09"]
[EventType "swiss"]
[EventRounds "9"]
[EventCountry "GER"]
[SourceTitle "CBM 173 Extra"]
[Source "ChessBase"]
[SourceDate "2016.08.29"]
[SourceVersion "1"]
[SourceVersionDate "2016.08.29"]
[SourceQuality "1"]

1. e4 e6 2. d4 d5 3. e5 c5 4. c3 Nc6 5. Nf3 Bd7 6. c4 cxd4 7. cxd5 Qa5+ 8. Nbd2 exd5 9. Be2 Bf5 10. Qb3 Qb4 11. Qxd5 Rd8 12. Qb5 d3 13. Qxb4 Nxb4 14. Bd1 Ne7 15. Nc4 Nec6 16. 0-0 Be7 17. Bg5 Bxg5 18. Nxg5 0-0 19. Nd6 Bg6 20. Re1 Nd4 21. Rf1 Nbc2 22. Rb1 Rd7 23. Nf3 Re7 24. Nxd4 Nxd4 25. f4 h6 26. Bg4 Rc7 27. f5 Bh7 28. Rbc1 Re7 29. Rce1 Nc2 30. Re4 1/2-1/2